[Event "Landsturneringen NM i sjakk 2013"]
[Site "Radisson Blu Lillehammer Hotel"]
[Date "2013.06.29"]
[Round "6"]
[White "Berezkin, Alexander"]
[Black "Bergquist, Rune"]
[Result "1/2-1/2"]
[WhiteElo "1345"]
[BlackElo "1394"]
[PlyCount "52"]
[EventDate "2013.??.??"]

1. e4 c6 2. Nf3 d5 3. exd5 cxd5 4. d4 Bg4 5. Be2 Nc6 6. c3 e6 7. Bf4 Bd6 8.
Bxd6 Qxd6 9. Nbd2 Nf6 10. O-O O-O 11. Re1 Rac8 12. Ne5 Bxe2 13. Rxe2 Ne7 14. f3
Qb6 15. Qb3 Qa6 16. Rae1 Nc6 17. g3 Nxe5 18. Rxe5 Rc7 19. Nb1 Qd3 20. Qd1 Qxd1
21. Rxd1 b5 22. a3 Nd7 23. Re2 Nb6 24. Nd2 Re8 25. Rde1 Nd7 26. Nb3 Rec8
1/2-1/2

[Event "Landsturneringen NM i sjakk 2013"]
[Site "Radisson Blu Lillehammer Hotel"]
[Date "2013.06.29"]
[Round "6"]
[White "Røilid, S. Kristian"]
[Black "Kjernlie, Ole Ivar"]
[Result "1-0"]
[WhiteElo "1314"]
[BlackElo "1227"]
[PlyCount "49"]
[EventDate "2013.??.??"]

1. e4 c6 2. d4 d5 3. Nc3 dxe4 4. Nxe4 Bf5 5. Ng3 Bg6 6. Nf3 Nd7 7. Bd3 Bxd3 8.
Qxd3 h6 9. O-O e6 10. Re1 Ngf6 11. Bf4 Be7 12. Re2 Nd5 13. Bd2 O-O 14. Rae1 Bg5
15. Nxg5 hxg5 16. Ne4 Nf4 17. Bxf4 gxf4 18. Qf3 Qa5 19. Qxf4 Qxa2 20. Qc7 Nb6
21. Qg3 Nd7 22. Qc7 Nb6 23. Nf6+ gxf6 24. Qg3+ Kh7 25. Re4
1-0

[Event "Landsturneringen NM i sjakk 2013"]
[Site "Radisson Blu Lillehammer Hotel"]
[Date "2013.06.29"]
[Round "6"]
[White "Lindsjørn, Yngve"]
[Black "Stensen, Lars A"]
[Result "1-0"]
[WhiteElo "1376"]
[BlackElo "1360"]
[PlyCount "53"]
[EventDate "2013.??.??"]

1. e4 c5 2. Nc3 Nc6 3. g3 d6 4. Bg2 g6 5. d3 Nd4 6. Nce2 Nc6 7. Be3 Bg7 8. c3
f5 9. f4 e5 10. Qd2 a5 11. Nf3 Qe7 12. exf5 Bxf5 13. O-O Nf6 14. fxe5 Ng4 15.
Bg5 Qe6 16. Nf4 Qd7 17. Nd5 Ra6 18. Nf6+ Bxf6 19. Bxf6 O-O 20. Bg5 Ngxe5 21.
Nxe5 Nxe5 22. Bd5+ Be6 23. Rxf8+ Kxf8 24. Bh6+ Kg8 25. Qf4 Nf7 26. Qf6 Nd8 27.
Qf8# 1-0

[Event "Landsturneringen NM i sjakk 2013"]
[Site "Radisson Blu Lillehammer Hotel"]
[Date "2013.06.29"]
[Round "6"]
[White "Jakobsen, Øivind"]
[Black "Dyrhaug, Sverre S"]
[Result "1/2-1/2"]
[WhiteElo "1368"]
[BlackElo "1335"]
[PlyCount "43"]
[EventDate "2013.??.??"]

1. d4 Nf6 2. c4 e6 3. Nc3 Bb4 4. Bg5 b6 5. e4 h6 6. Bd2 Bxc3 7. Bxc3 Nxe4 8.
Rc1 Nxc3 9. Rxc3 Bb7 10. Rg3 Qf6 11. Be2 O-O 12. Bh5 d6 13. Nf3 Qf5 14. Nd2 Nc6
15. Bf3 Rab8 16. Be4 Qf6 17. Nf3 Ne7 18. Bb1 Nf5 19. Qd3 g6 20. Rh3 c5 21. Rg1
Kg7 22. Qd2 1/2-1/2

[Event "Landsturneringen NM i sjakk 2013"]
[Site "Radisson Blu Lillehammer Hotel"]
[Date "2013.06.29"]
[Round "6"]
[White "Ellingsrud, Bjørn"]
[Black "Lensebakken, Jonar"]
[Result "1/2-1/2"]
[WhiteElo "1262"]
[BlackElo "1259"]
[PlyCount "68"]
[EventDate "2013.??.??"]

1. e4 c6 2. d4 d5 3. e5 Bf5 4. Bd3 Bxd3 5. Qxd3 e6 6. Ne2 Ne7 7. O-O Ng6 8.
Nbc3 Nd7 9. Nd1 c5 10. c3 Be7 11. Bd2 a6 12. a3 b5 13. b4 c4 14. Qg3 h6 15. Qh3
Bg5 16. f4 Be7 17. f5 Ngf8 18. Ne3 Bg5 19. Qg3 Qe7 20. Rf2 Bh4 21. Qxg7 Bxf2+
22. Kxf2 Rh7 23. Qg3 Nb6 24. Ng4 Nfd7 25. f6 Qf8 26. h3 O-O-O 27. Qh4 h5 28.
Nh2 Qg8 29. Nf4 Nf8 30. Nf3 Ng6 31. Qg3 Nxf4 32. Qxf4 Qg6 33. Rc1 Rg8 34. Qg5
Rhh8 1/2-1/2

[Event "Landsturneringen NM i sjakk 2013"]
[Site "Radisson Blu Lillehammer Hotel"]
[Date "2013.06.29"]
[Round "6"]
[White "Hauan, Tore Martin Madsø"]
[Black "Yilmaz, Kazim"]
[Result "1/2-1/2"]
[WhiteElo "1367"]
[BlackElo "1368"]
[PlyCount "52"]
[EventDate "2013.??.??"]

1. d4 d5 2. c4 e6 3. Nf3 Nf6 4. e3 c5 5. Nc3 Be7 6. Bd3 Nc6 7. a3 a5 8. O-O O-O
9. b3 b6 10. Qc2 dxc4 11. Bxc4 cxd4 12. Rd1 e5 13. exd4 Nxd4 14. Nxd4 exd4 15.
Nb5 Bc5 16. Bb2 Bg4 17. Rd2 Qe7 18. Nxd4 Rac8 19. Nf5 Bxf5 20. Qxf5 Qe4 21. Qg5
Qg6 22. Bxf6 gxf6 23. Qf4 Qg5 24. Qxg5+ fxg5 25. Rd5 h6 26. a4 Rc7 1/2-1/2

[Event "Landsturneringen NM i sjakk 2013"]
[Site "Radisson Blu Lillehammer Hotel"]
[Date "2013.06.29"]
[Round "6"]
[White "Kirkesola, Gitle"]
[Black "Kveli, Lars"]
[Result "1/2-1/2"]
[WhiteElo "1287"]
[BlackElo "1449"]
[PlyCount "55"]
[EventDate "2013.??.??"]

1. e4 d6 2. d4 Nf6 3. Nc3 g6 4. Nf3 Bg7 5. Bc4 c6 6. h3 b5 7. Bd3 a5 8. O-O Na6
9. e5 dxe5 10. dxe5 Nd7 11. Bf4 O-O 12. Qe2 Nac5 13. Rad1 Qc7 14. Rfe1 Ne6 15.
Bg3 Ndc5 16. Ne4 Nxd3 17. Rxd3 Ba6 18. Qe3 Qa7 19. Qxa7 Rxa7 20. Red1 Bc8 21.
Nfg5 Ra8 22. Nxe6 Bxe6 23. f4 Bf5 24. Re3 Rfd8 25. Rxd8+ Rxd8 26. Rd3 Rc8 27.
Re3 Rd8 28. Rd3 1/2-1/2

[Event "Landsturneringen NM i sjakk 2013"]
[Site "Radisson Blu Lillehammer Hotel"]
[Date "2013.06.29"]
[Round "6"]
[White "Olsen, Rolf A"]
[Black "Ugland, Torge"]
[Result "0-1"]
[WhiteElo "1338"]
[BlackElo "1413"]
[PlyCount "50"]
[EventDate "2013.??.??"]

1. e4 e5 2. Nf3 Nc6 3. Bc4 Bc5 4. c3 Nf6 5. d4 exd4 6. cxd4 Bb4+ 7. Nc3 d5 8.
exd5 Nxd5 9. Bd2 Bxc3 10. bxc3 O-O 11. O-O Be6 12. Bb3 Na5 13. Bc2 Nc4 14. Ng5
h6 15. Nxe6 fxe6 16. Be1 e5 17. Qd3 b5 18. Bd2 Nxd2 19. Qxd2 exd4 20. cxd4 Qf6
21. Be4 Rad8 22. Rad1 a6 23. Rc1 Qb6 24. Rc5 Nf6 25. Bc6 Qxc5 0-1

[Event "Landsturneringen NM i sjakk 2013"]
[Site "Radisson Blu Lillehammer Hotel"]
[Date "2013.06.29"]
[Round "6"]
[White "Lind, Magne"]
[Black "Olsen, Jens Petter"]
[Result "1-0"]
[WhiteElo "1284"]
[BlackElo "1284"]
[PlyCount "63"]
[EventDate "2013.??.??"]

1. d4 d5 2. g3 Nf6 3. Nf3 Bg4 4. Bg2 e6 5. O-O Nc6 6. e3 Bd6 7. Nbd2 Qe7 8. c4
dxc4 9. Nxc4 O-O-O 10. Nxd6+ Qxd6 11. Qc2 Bf5 12. Qc5 Qxc5 13. dxc5 Be4 14. b3
Rd7 15. Nd4 Bxg2 16. Kxg2 Nxd4 17. exd4 Rxd4 18. Be3 Rd5 19. Rfd1 Rhd8 20. Rxd5
Rxd5 21. h3 c6 22. b4 a6 23. a4 Nd7 24. Rc1 Kc7 25. a5 f5 26. f4 h5 27. g4 hxg4
28. hxg4 fxg4 29. Rc4 g6 30. Re4 e5 31. fxe5 Rxe5 32. Bf4 1-0

[Event "Landsturneringen NM i sjakk 2013"]
[Site "Radisson Blu Lillehammer Hotel"]
[Date "2013.06.29"]
[Round "6"]
[White "Prytz, Tormod"]
[Black "Carstensen, Øyvind"]
[Result "0-1"]
[WhiteElo "1377"]
[BlackElo "1348"]
[PlyCount "64"]
[EventDate "2013.??.??"]

1. e4 c5 2. Nf3 Nc6 3. d4 cxd4 4. Nxd4 d5 5. Nxc6 bxc6 6. exd5 Qxd5 7. Qxd5
cxd5 8. Be3 e5 9. c3 Nf6 10. Be2 Bd6 11. O-O O-O 12. f4 exf4 13. Bxf4 Bc5+ 14.
Kh1 Ne4 15. h3 g5 16. Be5 Re8 17. Bd4 Bxd4 18. cxd4 Ng3+ 19. Kg1 Nxe2+ 20. Kf2
Ba6 21. Re1 Nxd4 22. Rxe8+ Rxe8 23. Nc3 Nc2 24. Rd1 d4 25. Nd5 Re2+ 26. Kg3 Bb7
27. Nf6+ Kg7 28. Nh5+ Kg6 29. Nf4+ gxf4+ 30. Kxf4 Re4+ 31. Kg3 Re2 32. Rg1 Ne3
0-1

[Event "Landsturneringen NM i sjakk 2013"]
[Site "Radisson Blu Lillehammer Hotel"]
[Date "2013.06.29"]
[Round "6"]
[White "Sørensen, Idar"]
[Black "Olsen, Trygve"]
[Result "1-0"]
[WhiteElo "1230"]
[BlackElo "1287"]
[PlyCount "69"]
[EventDate "2013.??.??"]

1. d4 d5 2. Nf3 Nf6 3. e3 b6 4. c4 c6 5. Nc3 Bb7 6. Be2 g6 7. O-O Bg7 8. b3 O-O
9. a4 a5 10. Ba3 Na6 11. Rc1 Nb4 12. c5 bxc5 13. dxc5 Nd7 14. Bxb4 axb4 15.
Nxd5 Nxc5 16. Nxb4 Qxd1 17. Bxd1 Ne6 18. Nxc6 Bf6 19. Be2 Rfc8 20. Bb5 Nc7 21.
Nfd4 e5 22. Nf3 Nxb5 23. axb5 Ra3 24. Nd2 e4 25. Nxe4 Bb2 26. Ne7+ Kg7 27. Rxc8
Bxc8 28. Nxc8 Rxb3 29. b6 f5 30. Ned6 Ba3 31. b7 Kf8 32. g3 Kg7 33. Rd1 Kf6 34.
Nc4 Bc5 35. N8b6 1-0

[Event "Landsturneringen NM i sjakk 2013"]
[Site "Radisson Blu Lillehammer Hotel"]
[Date "2013.06.29"]
[Round "7"]
[White "Lorem, Geir F"]
[Black "Steinkellner, Rudolf"]
[Result "1-0"]
[WhiteElo "1425"]
[BlackElo "1449"]
[PlyCount "35"]
[EventDate "2013.??.??"]

1. d4 d5 2. c4 e6 3. Nf3 Nf6 4. g3 c6 5. Bg2 Bd6 6. O-O Nbd7 7. Nfd2 e5 8. cxd5
cxd5 9. dxe5 Nxe5 10. Nf3 Nxf3+ 11. Bxf3 Bh3 12. Qa4+ Qd7 13. Qxd7+ Kxd7 14.
Rd1 Kc6 15. Nc3 Be6 16. Bg5 Ne4 17. Nxe4 dxe4 18. Bxe4+ 1-0

[Event "Landsturneringen NM i sjakk 2013"]
[Site "Radisson Blu Lillehammer Hotel"]
[Date "2013.06.29"]
[Round "7"]
[White "Fossan, Andreas"]
[Black "Røilid, S. Kristian"]
[Result "0-1"]
[WhiteElo "1289"]
[BlackElo "1314"]
[PlyCount "56"]
[EventDate "2013.??.??"]

1. d4 d5 2. c4 dxc4 3. e3 c5 4. Nf3 Bg4 5. Bxc4 e6 6. Qa4+ Nd7 7. Ne5 Ngf6 8.
dxc5 Bxc5 9. Nxg4 Nxg4 10. Bxe6 fxe6 11. Qxg4 Qf6 12. O-O O-O 13. Nc3 Ne5 14.
Qe2 Qh4 15. h3 Rf3 16. Kh2 Raf8 17. g3 Qh5 18. Ne4 Rxf2+ 19. Rxf2 Rxf2+ 20.
Qxf2 Ng4+ 21. Kg2 Nxf2 22. Nxc5 Qxh3+ 23. Kxf2 Qf5+ 24. Ke1 Qxc5 25. Bd2 Qe5
26. Ke2 Qxb2 27. Rf1 Qxa2 28. Kd3 Qa6+ 0-1

[Event "Landsturneringen NM i sjakk 2013"]
[Site "Radisson Blu Lillehammer Hotel"]
[Date "2013.06.29"]
[Round "7"]
[White "Bergquist, Rune"]
[Black "Jensen, Torben Winther"]
[Result "1-0"]
[WhiteElo "1394"]
[BlackElo "1491"]
[PlyCount "65"]
[EventDate "2013.??.??"]

1. d4 Nf6 2. c4 e6 3. Nc3 Bb4 4. Qc2 c5 5. dxc5 Qa5 6. Bd2 Nc6 7. Nf3 O-O 8. a3
e5 9. e3 Re8 10. O-O-O Bxc3 11. Bxc3 Qxc5 12. Be2 a5 13. Ng5 Qe7 14. h4 d6 15.
h5 h6 16. Ne4 Bf5 17. Nxf6+ Qxf6 18. Qd2 Rad8 19. g4 Be6 20. f4 d5 21. fxe5
Nxe5 22. Qd4 Nd7 23. cxd5 Bxd5 24. Qxd5 Rc8 25. Kb1 Rxc3 26. bxc3 Qxc3 27. Qd3
Qe5 28. Qxd7 Qxe3 29. Qd3 Qb6+ 30. Qb5 Qe3 31. Rhe1 Rf8 32. Bd3 Qf3 33. Qf5 1-0

[Event "Landsturneringen NM i sjakk 2013"]
[Site "Radisson Blu Lillehammer Hotel"]
[Date "2013.06.29"]
[Round "7"]
[White "Kroken, John Olav"]
[Black "Berezkin, Alexander"]
[Result "1-0"]
[WhiteElo "1275"]
[BlackElo "1345"]
[PlyCount "43"]
[EventDate "2013.??.??"]

1. d4 d5 2. Bf4 Nf6 3. e3 Nbd7 4. c4 c5 5. Nf3 e6 6. Nc3 cxd4 7. exd4 dxc4 8.
Bxc4 Be7 9. O-O O-O 10. Nb5 Nb6 11. Bc7 Qe8 12. Bxb6 Qc6 13. Bc5 Bxc5 14. dxc5
Qxc5 15. Rc1 Bd7 16. Nd6 Qb6 17. Bb3 Rad8 18. Nc4 Qc7 19. Qc2 Qb8 20. Nce5 Bb5
21. Rfd1 Rc8 22. Qb1 1-0

[Event "Landsturneringen NM i sjakk 2013"]
[Site "Radisson Blu Lillehammer Hotel"]
[Date "2013.06.29"]
[Round "7"]
[White "Gaarder, Hans K"]
[Black "Kristiansen, Oddvar"]
[Result "1-0"]
[WhiteElo "1404"]
[BlackElo "1389"]
[PlyCount "37"]
[EventDate "2013.??.??"]

1. e4 c5 2. Nf3 d6 3. d4 cxd4 4. Nxd4 Nf6 5. Nc3 a6 6. Be2 g6 7. Be3 Bg7 8. Qd2
O-O 9. O-O-O Qc7 10. h4 h5 11. f3 Nc6 12. g4 Nxd4 13. Bxd4 Be6 14. gxh5 Nxh5
15. Bxg7 Kxg7 16. Rdg1 Rh8 17. f4 Rag8 18. f5 Bd7 19. fxg6 1-0

[Event "Landsturneringen NM i sjakk 2013"]
[Site "Radisson Blu Lillehammer Hotel"]
[Date "2013.06.29"]
[Round "7"]
[White "Hjortås, Olav"]
[Black "Eggerud, Frank"]
[Result "1-0"]
[WhiteElo "1441"]
[BlackElo "1416"]
[PlyCount "45"]
[EventDate "2013.??.??"]

1. d4 e6 2. Nf3 d5 3. Bg5 Be7 4. Bxe7 Qxe7 5. Nc3 Nf6 6. Qd3 b6 7. e4 Ba6 8.
Qe3 c6 9. Bxa6 Nxa6 10. O-O-O O-O 11. Qg5 Rfe8 12. e5 Nd7 13. Qh5 f6 14. h4 g6
15. Qg4 Qg7 16. Rh3 Nc7 17. h5 Nf8 18. exf6 Qxf6 19. hxg6 Nxg6 20. Ne5 Qf4+ 21.
Qxf4 Nxf4 22. Rg3+ Kh8 23. Nf7# 1-0

[Event "Landsturneringen NM i sjakk 2013"]
[Site "Radisson Blu Lillehammer Hotel"]
[Date "2013.06.29"]
[Round "7"]
[White "Pedersen, Ole Petter"]
[Black "Lindsjørn, Yngve"]
[Result "1-0"]
[WhiteElo "1415"]
[BlackElo "1376"]
[PlyCount "43"]
[EventDate "2013.??.??"]

1. d4 d5 2. c4 Nc6 3. Nf3 Bg4 4. Nc3 Bxf3 5. gxf3 e6 6. Bf4 Bb4 7. e3 Nf6 8.
Qb3 O-O 9. a3 Bxc3+ 10. bxc3 b6 11. Rg1 h6 12. Bxh6 Nh5 13. f4 Qh4 14. h3 Qf6
15. Bg5 Qf5 16. Qd1 Qh7 17. Bd3 f5 18. Qf3 Nf6 19. Bxf6 Rxf6 20. cxd5 Ne7 21.
d6 Nd5 22. c4 1-0

[Event "Landsturneringen NM i sjakk 2013"]
[Site "Radisson Blu Lillehammer Hotel"]
[Date "2013.06.29"]
[Round "7"]
[White "Birkestrand, Odd H"]
[Black "Larsen, Bror Johannes"]
[Result "1/2-1/2"]
[WhiteElo "1412"]
[BlackElo "1463"]
[PlyCount "64"]
[EventDate "2013.??.??"]

1. e4 e6 2. d4 d5 3. e5 c5 4. c3 Nc6 5. Nf3 Nge7 6. Bd3 Qb6 7. O-O Nf5 8. Bxf5
exf5 9. Na3 Be6 10. Nc2 Be7 11. Re1 cxd4 12. cxd4 Nb4 13. Nxb4 Bxb4 14. Re3 Qc6
15. a3 Be7 16. Rc3 Qb6 17. Rb1 Rc8 18. Qa4+ Rc6 19. Rxc6 bxc6 20. b4 O-O 21.
Qc2 Rb8 22. Rb2 Rc8 23. Bd2 Rb8 24. Bc3 Qa6 25. Ra2 Qc4 26. Nd2 Qe2 27. Nb3
Qxc2 28. Rxc2 Bd8 29. Nc5 a5 30. Rb2 axb4 31. axb4 Be7 32. Nd3 g6 1/2-1/2

[Event "Landsturneringen NM i sjakk 2013"]
[Site "Radisson Blu Lillehammer Hotel"]
[Date "2013.06.29"]
[Round "7"]
[White "Solli, Jarle"]
[Black "Blom, Geir"]
[Result "0-1"]
[WhiteElo "1304"]
[BlackElo "1271"]
[PlyCount "76"]
[EventDate "2013.??.??"]

1. e4 d6 2. f4 Nf6 3. Nc3 c6 4. a4 Qa5 5. Nf3 a6 6. Rb1 e5 7. f5 b5 8. b4 Qb6
9. a5 Qc7 10. d4 g6 11. Bg5 Bg7 12. dxe5 dxe5 13. Bd3 Nbd7 14. Qe2 Bb7 15. O-O
O-O 16. fxg6 fxg6 17. Rbd1 Nh5 18. Qd2 Ndf6 19. Ne2 c5 20. Bxf6 Nxf6 21. Ng5
Rae8 22. c4 h6 23. Ne6 Rxe6 24. cxb5 c4 25. b6 Qc6 26. Rc1 Nxe4 27. Rxf8+ Bxf8
28. Qe3 Nc3 29. Qh3 cxd3 30. Rxc3 dxe2 31. Kf2 e1=Q+ 32. Kxe1 Qe4+ 33. Kd1 Rd6+
34. Kc1 Qe1+ 35. Kb2 Rd2+ 36. Rc2 Rxc2+ 37. Kxc2 Be4+ 38. Kb3 Qxb4+ 0-1

[Event "Landsturneringen NM i sjakk 2013"]
[Site "Radisson Blu Lillehammer Hotel"]
[Date "2013.06.29"]
[Round "7"]
[White "Lensebakken, Jonar"]
[Black "Gåsøy, Joakim"]
[Result "0-1"]
[WhiteElo "1259"]
[BlackElo "1277"]
[PlyCount "50"]
[EventDate "2013.??.??"]

1. d4 Nf6 2. Nf3 c5 3. Bg5 e6 4. e3 cxd4 5. exd4 Be7 6. Bd3 a6 7. c3 b5 8. O-O
Bb7 9. Nbd2 O-O 10. Re1 h6 11. Bh4 Nc6 12. a3 Nd5 13. Bxe7 Ncxe7 14. Ne5 d6 15.
Ng4 Nf4 16. Be4 Bxe4 17. Rxe4 Neg6 18. Re3 h5 19. Rg3 hxg4 20. Qxg4 Qh4 21. Qf3
Qh5 22. Rg4 e5 23. Ne4 f5 24. Nf6+ Rxf6 25. Qxa8+ Rf8 0-1

[Event "Landsturneringen NM i sjakk 2013"]
[Site "Radisson Blu Lillehammer Hotel"]
[Date "2013.06.29"]
[Round "7"]
[White "Jacobsen, Caroline Beer"]
[Black "Jakobsen, Øivind"]
[Result "1-0"]
[WhiteElo "1334"]
[BlackElo "1368"]
[PlyCount "77"]
[EventDate "2013.??.??"]

1. c4 e6 2. Nc3 Nc6 3. e4 Nf6 4. d4 Bb4 5. Qd3 d5 6. exd5 exd5 7. c5 Ne4 8. Bd2
Bxc3 9. Bxc3 O-O 10. g3 Re8 11. Ne2 Qe7 12. Bg2 Nxc3 13. bxc3 Bf5 14. Qd2 Bg4
15. f3 Bh5 16. Kf2 f6 17. Nf4 Bf7 18. Rae1 Qf8 19. h4 Na5 20. Qc1 Nc4 21. h5 c6
22. Bh3 Rxe1 23. Rxe1 b6 24. Ne6 Qb8 25. h6 g6 26. f4 bxc5 27. Nxc5 f5 28. Nd7
Qc7 29. Re7 Qd8 30. Qe1 Qa5 31. Nf6+ Kf8 32. Nxh7+ Kg8 33. Nf6+ Kf8 34. Rd7 Qa3
35. Bf1 Rb8 36. Bxc4 dxc4 37. Kg2 a6 38. Qe5 Rb5 39. Nh7+ 1-0

[Event "Landsturneringen NM i sjakk 2013"]
[Site "Radisson Blu Lillehammer Hotel"]
[Date "2013.06.29"]
[Round "7"]
[White "Dyrhaug, Sverre S"]
[Black "Fadnes, Bård"]
[Result "0-1"]
[WhiteElo "1335"]
[BlackElo "1396"]
[PlyCount "44"]
[EventDate "2013.??.??"]

1. e4 c5 2. Nf3 Nc6 3. d4 cxd4 4. Nxd4 e5 5. Nb5 a6 6. Nd6+ Bxd6 7. Qxd6 Qf6 8.
Qd3 Qg6 9. Be3 Nf6 10. Nd2 d5 11. exd5 Qxd3 12. Bxd3 Nxd5 13. Bc5 Be6 14. Nc4
O-O-O 15. O-O b5 16. Nd6+ Kc7 17. c4 Nf4 18. Rfd1 Nxd3 19. Rxd3 Bxc4 20. Rd2
Be6 21. a4 Nd4 22. Rc2 Nxc2 0-1

[Event "Landsturneringen NM i sjakk 2013"]
[Site "Radisson Blu Lillehammer Hotel"]
[Date "2013.06.29"]
[Round "7"]
[White "Ugland, Torge"]
[Black "Ellingsrud, Bjørn"]
[Result "1/2-1/2"]
[WhiteElo "1413"]
[BlackElo "1262"]
[PlyCount "42"]
[EventDate "2013.??.??"]

1. e4 e5 2. Nf3 Nc6 3. Bc4 Bc5 4. c3 h6 5. d4 exd4 6. cxd4 Bb4+ 7. Nc3 d6 8. a3
Bxc3+ 9. bxc3 Nf6 10. O-O O-O 11. Re1 d5 12. exd5 Nxd5 13. Qc2 Be6 14. Ba2 Qd7
15. Ne5 Nxe5 16. Rxe5 f6 17. Rh5 Qf7 18. Bxd5 Bxd5 19. Rh3 f5 20. f4 Rae8 21.
Re3 Be4 1/2-1/2

[Event "Landsturneringen NM i sjakk 2013"]
[Site "Radisson Blu Lillehammer Hotel"]
[Date "2013.06.29"]
[Round "7"]
[White "Stensen, Lars A"]
[Black "Kirkesola, Gitle"]
[Result "1-0"]
[WhiteElo "1360"]
[BlackElo "1287"]
[PlyCount "75"]
[EventDate "2013.??.??"]

1. d4 Nf6 2. Nf3 d6 3. g3 g6 4. Bg2 Bg7 5. c4 O-O 6. O-O Re8 7. Nc3 Nc6 8. d5
Nb8 9. Re1 e5 10. e4 Nbd7 11. h3 Nh5 12. Qc2 Ndf6 13. Bg5 h6 14. Be3 Bd7 15.
Rad1 Qc8 16. Kh2 Kh8 17. Qc1 Kh7 18. g4 Bxg4 19. hxg4 Qxg4 20. Bh3 Qxf3 21. Rg1
Nxe4 22. Bg4 Qf6 23. Nxe4 Qh4+ 24. Bh3 Qxe4 25. f3 Qxf3 26. Rdf1 Qe4 27. Rxf7
Rf8 28. Rg4 Nf4 29. Bg2 Qxg2+ 30. Rxg2 Rxf7 31. Rg4 Raf8 32. Qc2 Rf5 33. c5
Rh5+ 34. Kg1 Rh3 35. Bxf4 Rf6 36. Bg3 e4 37. Qxe4 dxc5 38. Be5 1-0

[Event "Landsturneringen NM i sjakk 2013"]
[Site "Radisson Blu Lillehammer Hotel"]
[Date "2013.06.29"]
[Round "7"]
[White "Knutsen, Tom-Greger"]
[Black "Brekke, John Ivar"]
[Result "0-1"]
[WhiteElo "1246"]
[BlackElo "1384"]
[PlyCount "54"]
[EventDate "2013.??.??"]

1. d4 Nf6 2. Nf3 b6 3. Bf4 Bb7 4. e3 e6 5. Nbd2 d5 6. Ne5 Be7 7. Bd3 O-O 8.
Ndf3 Nh5 9. Bg3 f6 10. Bxh7+ Kxh7 11. Ng5+ fxg5 12. Qxh5+ Kg8 13. h4 g4 14.
Qxg4 Rf5 15. Bf4 Nd7 16. h5 Nxe5 17. dxe5 Bc8 18. h6 g5 19. Rh5 Kh7 20. O-O-O
Qg8 21. Bg3 Qg6 22. Rdh1 Bd7 23. e4 dxe4 24. Qxe4 Raf8 25. Qb7 Bd8 26. Qxa7
Rxf2 27. Bxf2 Rxf2 0-1

[Event "Landsturneringen NM i sjakk 2013"]
[Site "Radisson Blu Lillehammer Hotel"]
[Date "2013.06.29"]
[Round "7"]
[White "Olsen, Trygve"]
[Black "Strand, Ingrid"]
[Result "0-1"]
[WhiteElo "1287"]
[BlackElo "1316"]
[PlyCount "86"]
[EventDate "2013.??.??"]

1. f4 d5 2. Nf3 Nf6 3. d4 Bg4 4. e3 Nc6 5. Be2 h6 6. O-O e6 7. Nbd2 Bf5 8. Nh4
Bh7 9. f5 Qd7 10. fxe6 Qxe6 11. Nb3 g5 12. Nf3 O-O-O 13. a4 Ne4 14. Nfd2 Nf6
15. Nf3 Be4 16. Nbd2 Bg6 17. Nb3 Kb8 18. a5 a6 19. Ra4 Bd6 20. Nc5 Bxc5 21.
dxc5 Ne4 22. Nd4 Qe8 23. Ra3 Nxc5 24. c3 Ne5 25. b4 Ncd3 26. Rb3 Nxc1 27. Qxc1
Bd3 28. Qd2 Bc4 29. Rb2 Bxe2 30. Qxe2 Nc4 31. Rbb1 Qxe3+ 32. Qxe3 Nxe3 33. Rxf7
Rdf8 34. Rxf8+ Rxf8 35. b5 axb5 36. Nxb5 Rf6 37. Re1 c6 38. Nd4 Nc4 39. Ra1 Ka7
40. Nb3 Nd6 41. Nc5 Rf4 42. a6 b6 43. Ne6 Rc4 0-1

[Event "Landsturneringen NM i sjakk 2013"]
[Site "Radisson Blu Lillehammer Hotel"]
[Date "2013.06.29"]
[Round "8"]
[White "Tallaksen, Henrik G"]
[Black "Lorem, Geir F"]
[Result "1/2-1/2"]
[WhiteElo "1293"]
[BlackElo "1425"]
[PlyCount "93"]
[EventDate "2013.??.??"]

1. c4 c5 2. Nc3 Nc6 3. g3 g6 4. Bg2 Bg7 5. Nf3 e6 6. O-O Nge7 7. Rb1 O-O 8. a3
d5 9. cxd5 exd5 10. e3 Bg4 11. h3 Bf5 12. d3 c4 13. Ne1 cxd3 14. Nxd3 Ne5 15.
e4 dxe4 16. Nxe5 Bxe5 17. Nxe4 Qb6 18. Be3 Qd8 19. Qb3 b6 20. Rfd1 Qe8 21. f4
Be6 22. Qd3 Bg7 23. Nd6 Qd7 24. Bxa8 Rxa8 25. Nb5 Qxd3 26. Rxd3 Bf5 27. Rdd1
Bxb1 28. Rxb1 Nd5 29. Bd4 Bf8 30. Rc1 a6 31. Nc3 Nxc3 32. Rxc3 b5 33. Rc6 Rd8
34. Bf6 Rd6 35. Rxd6 Bxd6 36. Kf2 Kf8 37. Ke3 Ke8 38. Kd4 Kd7 39. Kd5 h5 40.
Be5 Be7 41. g4 hxg4 42. hxg4 f6 43. Bd4 Bd6 44. Bxf6 Bxf4 45. Be5 Be3 46. Bd4
Bf4 47. Be5 1/2-1/2

[Event "Landsturneringen NM i sjakk 2013"]
[Site "Radisson Blu Lillehammer Hotel"]
[Date "2013.06.29"]
[Round "8"]
[White "Røilid, S. Kristian"]
[Black "Bergquist, Rune"]
[Result "1-0"]
[WhiteElo "1314"]
[BlackElo "1394"]
[PlyCount "99"]
[EventDate "2013.??.??"]

1. e4 c6 2. d4 d5 3. Nc3 dxe4 4. Nxe4 Bf5 5. Ng3 Bg6 6. Nf3 Nd7 7. Bd3 e6 8.
Bf4 Qa5+ 9. c3 Ngf6 10. O-O Nd5 11. Bxg6 hxg6 12. Qd2 Nxf4 13. Qxf4 Be7 14.
Rfe1 g5 15. Qd2 O-O-O 16. b4 Qc7 17. Nxg5 Rdf8 18. c4 Qd8 19. Nf3 Rh6 20. d5
exd5 21. Nf5 Bf6 22. Nxh6 Bxa1 23. Rxa1 gxh6 24. cxd5 Qf6 25. Rc1 Rd8 26. dxc6
bxc6 27. Qc2 Kb7 28. h3 Nb8 29. a4 Qd6 30. b5 cxb5 31. axb5 Qf4 32. Qc5 Ka8 33.
Ra1 Rd7 34. b6 Qf6 35. Rxa7+ Rxa7 36. bxa7 Qa1+ 37. Kh2 Qxa7 38. Qxa7+ Kxa7 39.
Ne5 f6 40. Nf7 h5 41. Kg3 Kb6 42. Kh4 Kc6 43. Kxh5 Kd5 44. Kg6 Nd7 45. Kf5 Nc5
46. f3 Nd3 47. h4 Ne1 48. h5 Nxg2 49. h6 Nh4+ 50. Kxf6 1-0

[Event "Landsturneringen NM i sjakk 2013"]
[Site "Radisson Blu Lillehammer Hotel"]
[Date "2013.06.29"]
[Round "8"]
[White "Steinkellner, Rudolf"]
[Black "Hjortås, Olav"]
[Result "1/2-1/2"]
[WhiteElo "1449"]
[BlackElo "1441"]
[PlyCount "137"]
[EventDate "2013.??.??"]

1. e4 d5 2. exd5 Nf6 3. Nf3 Nxd5 4. d4 Bg4 5. Be2 e6 6. O-O Be7 7. Ne5 Bxe2 8.
Qxe2 O-O 9. c3 c5 10. Be3 cxd4 11. Bxd4 Nc6 12. Nxc6 bxc6 13. Nd2 c5 14. Be5
Bf6 15. Nf3 Qb6 16. Bxf6 Nxf6 17. c4 Rab8 18. b3 Rfd8 19. Rfd1 h6 20. Kf1 Qc7
21. Rxd8+ Rxd8 22. Rd1 Rxd1+ 23. Qxd1 Qa5 24. Qd2 Qa3 25. Qc2 Qa5 26. Ke2 Qc7
27. h3 Nh5 28. g3 Nf6 29. Qd2 Nd7 30. Qb2 e5 31. Qc3 e4 32. Ne1 f5 33. Qe3 Nf8
34. Qf4 Qxf4 35. gxf4 Ne6 36. Ke3 g5 37. Ng2 Kf7 38. f3 exf3 39. Kxf3 Nd4+ 40.
Ke3 Kf6 41. fxg5+ hxg5 42. Ne1 f4+ 43. Ke4 Ne2 44. Nd3 Ng1 45. Nf2 Ke6 46. a3
Ne2 47. Nd3 Ng1 48. Nxc5+ Kf6 49. Nd3 Nxh3 50. c5 Ke6 51. b4 Ng1 52. a4 f3 53.
Nf2 Ne2 54. Kxf3 Nc3 55. a5 Kd5 56. Nd3 Kc4 57. c6 Nd5 58. Ke4 Nc7 59. Ne5+
Kxb4 60. Kf5 Kxa5 61. Kxg5 Kb5 62. Kf5 Kc5 63. Ke4 a5 64. Kd3 a4 65. Kc2 Kd5
66. Kb2 Nb5 67. c7 Nxc7 68. Ka3 Kxe5 69. Kxa4 1/2-1/2

[Event "Landsturneringen NM i sjakk 2013"]
[Site "Radisson Blu Lillehammer Hotel"]
[Date "2013.06.29"]
[Round "8"]
[White "Berezkin, Alexander"]
[Black "Birkestrand, Odd H"]
[Result "1/2-1/2"]
[WhiteElo "1345"]
[BlackElo "1412"]
[PlyCount "54"]
[EventDate "2013.??.??"]

1. Nf3 f5 2. b3 Nf6 3. Bb2 e6 4. g3 d6 5. Bg2 Be7 6. c4 O-O 7. O-O e5 8. d4 e4
9. Nfd2 c6 10. Nc3 Qe8 11. e3 Ng4 12. Qe2 Bg5 13. h3 Nf6 14. Rae1 d5 15. cxd5
Nxd5 16. Nxd5 cxd5 17. Nb1 Nc6 18. Qb5 Qe6 19. Nc3 a6 20. Qxd5 Nb4 21. Qxe6+
Bxe6 22. Ba3 Be7 23. Rc1 Rfe8 24. Bxb4 Bxb4 25. Nb1 Rac8 26. Rfd1 Bd5 27. Bf1
b5 1/2-1/2